000
00322nam a22001457a 4500
008
210303b ||||| |||| 00| 0 eng d
020
_a
x0000eab0b
041
_a
eng
080
_a
004
082
_a
004
100
_a
28
101
_a
SHKI
245
_a
Murach's ASP.NET 2.0 upgrader's guide
_c
Lowe, D
942
_2
udc
_c
BK
999
_c
55585
_d
55585